|
|
|
|
| LEADER |
00000naa2a2200000 4500 |
| 001 |
620996 |
| 005 |
20240112154743.0 |
| 035 |
|
|
|a (RuTPU)RU\TPU\conf\19546
|
| 035 |
|
|
|a RU\TPU\conf\19543
|
| 090 |
|
|
|a 620996
|
| 100 |
|
|
|a 20161111d2016 k y0rusy50 ba
|
| 101 |
0 |
|
|a eng
|
| 102 |
|
|
|a RU
|
| 105 |
|
|
|a y z 100zy
|
| 135 |
|
|
|a drcn ---uucaa
|
| 181 |
|
0 |
|a i
|
| 182 |
|
0 |
|a b
|
| 200 |
1 |
|
|a Russian language as a key factor in aiding the integration of foreign students in higher education
|f E. A. Sherina
|
| 203 |
|
|
|a Текст
|c электронный
|
| 225 |
1 |
|
|a Кейсы из опыта работы университетов по актуальным вопросам образования (лучшие практики)
|
| 300 |
|
|
|a Заглавие с экрана
|
| 463 |
|
1 |
|0 (RuTPU)RU\TPU\conf\19522
|t Профессиональная подготовка студентов технического вуза на иностранном языке: методическая готовность преподавателей
|o сборник материалов III Всероссийского научно-методологического семинара-конференции, 21–23 апреля 2016 г., Томск
|f Национальный исследовательский Томский политехнический университет (ТПУ), Институт развития стратегического партнерства и компетенций (ИСПК), под ред. Л. А. Сивицкой [и др.]
|v [С. 151-152]
|d 2016
|
| 610 |
1 |
|
|a электронный ресурс
|
| 610 |
1 |
|
|a труды учёных ТПУ
|
| 610 |
1 |
|
|a русский язык как иностранный
|
| 610 |
1 |
|
|a модульное обучение
|
| 610 |
1 |
|
|a интеграция знаний
|
| 610 |
1 |
|
|a иностранные студенты
|
| 610 |
1 |
|
|a высшее образование
|
| 700 |
|
1 |
|a Sherina
|b E. A.
|c Linguist
|c Associate Professor of Tomsk Polytechnic University, Candidate of philological sciences
|f 1982-
|g Evgeniya Alekseevna
|3 (RuTPU)RU\TPU\pers\37524
|9 20393
|
| 712 |
0 |
2 |
|a Национальный исследовательский Томский политехнический университет (ТПУ)
|b Институт природных ресурсов (ИПР)
|b Кафедра иностранных языков (ИЯПР)
|3 (RuTPU)RU\TPU\col\18662
|
| 801 |
|
2 |
|a RU
|b 63413507
|c 20161115
|g RCR
|
| 856 |
4 |
|
|u http://earchive.tpu.ru/handle/11683/33566
|
| 942 |
|
|
|c BK
|